CONCACAF Gold Cup Top 4 1963-2023 - Statistics

General Stats
  • This quiz has been taken 202 times
  • The average score is 100 of 108
Answer Stats
Edition Position Country % Correct
1965 Guatemala 1st Mexico
100%
1967 Honduras 2nd Mexico
100%
1969 Costa Rica 4th Mexico
100%
1971 Trinidad and Tobago 1st Mexico
100%
1973 Haiti 3rd Mexico
100%
1977 Mexico 1st Mexico
100%
1981 Honduras 3rd Mexico
100%
1991 USA 3rd Mexico
100%
1993 USA 1st Mexico
100%
1996 USA 1st Mexico
100%
1998 USA 1st Mexico
100%
2003 Mexico & USA 1st Mexico
100%
2007 USA 2nd Mexico
100%
2009 USA 1st Mexico
100%
2011 USA 1st Mexico
100%
2013 USA 3rd Mexico
100%
2015 Canada & USA 1st Mexico
100%
2017 USA 3rd Mexico
100%
2019 USA & Costa Rica & Jamaica 1st Mexico
100%
2021 USA 2nd Mexico
100%
2023 Canada & USA 1st Mexico
100%
1977 Mexico 4th Canada
99%
1981 Honduras 4th Canada
99%
1985 Various Hosts 1st Canada
99%
2000 USA 1st Canada
99%
2002 USA 3rd Canada
99%
2007 USA 3rd Canada
99%
2021 USA 3rd Canada
99%
1963 El Salvador 1st Costa Rica
99%
1965 Guatemala 3rd Costa Rica
99%
1969 Costa Rica 1st Costa Rica
99%
1971 Trinidad and Tobago 3rd Costa Rica
99%
1985 Various Hosts 3rd Costa Rica
99%
1989 Various Hosts 1st Costa Rica
99%
1991 USA 4th Costa Rica
99%
1993 USA 3rd Costa Rica
99%
2002 USA 2nd Costa Rica
99%
2003 Mexico & USA 4th Costa Rica
99%
2009 USA 3rd Costa Rica
99%
2017 USA 3rd Costa Rica
99%
1963 El Salvador 4th Honduras
99%
1967 Honduras 3rd Honduras
99%
1973 Haiti 4th Honduras
99%
1981 Honduras 1st Honduras
99%
1985 Various Hosts 2nd Honduras
99%
1991 USA 2nd Honduras
99%
2005 USA 3rd Honduras
99%
2009 USA 3rd Honduras
99%
2011 USA 3rd Honduras
99%
2013 USA 3rd Honduras
99%
1989 Various Hosts 2nd USA
99%
1991 USA 1st USA
99%
1993 USA 2nd USA
99%
1996 USA 3rd USA
99%
1998 USA 2nd USA
99%
2002 USA 1st USA
99%
2003 Mexico & USA 3rd USA
99%
2005 USA 1st USA
99%
2007 USA 1st USA
99%
2009 USA 2nd USA
99%
2011 USA 2nd USA
99%
2013 USA 1st USA
99%
2015 Canada & USA 4th USA
99%
2017 USA 1st USA
99%
2019 USA & Costa Rica & Jamaica 2nd USA
99%
2021 USA 1st USA
99%
2023 Canada & USA 3rd USA
99%
1963 El Salvador 2nd El Salvador
98%
1965 Guatemala 4th El Salvador
98%
1977 Mexico 3rd El Salvador
98%
1981 Honduras 2nd El Salvador
98%
1985 Various Hosts 4th El Salvador
98%
1993 USA 3rd Jamaica
97%
1998 USA 4th Jamaica
97%
2015 Canada & USA 2nd Jamaica
97%
2017 USA 2nd Jamaica
97%
2019 USA & Costa Rica & Jamaica 3rd Jamaica
97%
2023 Canada & USA 3rd Jamaica
97%
2005 USA 2nd Panama
97%
2011 USA 3rd Panama
97%
2013 USA 2nd Panama
97%
2015 Canada & USA 3rd Panama
97%
2023 Canada & USA 2nd Panama
97%
1971 Trinidad and Tobago 2nd Haiti
92%
1973 Haiti 1st Haiti
92%
1977 Mexico 2nd Haiti
92%
2019 USA & Costa Rica & Jamaica 3rd Haiti
92%
1965 Guatemala 2nd Guatemala
91%
1967 Honduras 1st Guatemala
91%
1969 Costa Rica 2nd Guatemala
91%
1989 Various Hosts 4th Guatemala
91%
1996 USA 4th Guatemala
91%
1967 Honduras 4th Trinidad and Tobago
89%
1973 Haiti 2nd Trinidad and Tobago
89%
1989 Various Hosts 3rd Trinidad and Tobago
89%
2000 USA 3rd Trinidad and Tobago
89%
1971 Trinidad and Tobago 4th Cuba
88%
1996 USA 2nd Brazil
69%
1998 USA 3rd Brazil
69%
2003 Mexico & USA 2nd Brazil
69%
2000 USA 2nd Colombia
66%
2005 USA 3rd Colombia
66%
2000 USA 3rd Peru
53%
2021 USA 3rd Qatar
47%
2002 USA 4th South Korea
27%
2007 USA 3rd Guadeloupe
19%
1963 El Salvador 3rd Netherlands Antilles
8%
1969 Costa Rica 3rd Netherlands Antilles
8%
No matching quizzes found
Score Distribution
Percent of People with Each Score
Percentile by Number Answered
Your Score History
You have not taken this quiz